000 00495cam a22001577a 4500
008 180718b2013 xxu||||| |||| 00| 0 eng d
020 _a9781137350640
082 _aT421J732
245 _aMiddle powers and G20 governance
_cEdited by Mo Jongryn
260 _aNew York
_bPalgrave
_c2013
300 _a151p.
650 _aInternational economic relations -- Congresses
650 _aGroup of Eight (Organization) -- Congresses
650 _aGroup of Twenty -- Congresses
700 _aJongryn, Mo
999 _c443857
_d443857